Ч. 2; История России

Dades bibliogràfiques
Parent link:История России: пособие для самостоятельной работы студентов/ А. Н. Першиков, Т. А. Забирова; Национальный исследовательский Томский политехнический университет (ТПУ). Ч. 2.— , 2013-
Sumari:Вторая часть учебного пособия охватывает период отечественной истории с 1900-х гг. до первого десятилетия XXI века. Как и первая часть, она носит многоплановый характер, включает обучение, контролирующие и справочные материалы.Первая и вторая части пособия выполнены во взаимосвязи и образуют единый учебно-методический комплекс, ориентированный как на оказание помощи в организации и проведении самостоятельной работы, так и на про­верку знаний.
Idioma:rus
Publicat: 2014
Matèries:
Format: MixedMaterials Llibre
KOHA link:https://koha.lib.tpu.ru/cgi-bin/koha/opac-detail.pl?biblionumber=302203

MARC

LEADER 00000nam2a2200000 4500
001 302203
005 20241126063152.0
035 |a (RuTPU)RU\TPU\book\327400 
090 |a 302203 
100 |a 20150819d2014 m y0rusy50 ca 
101 0 |a rus 
102 |a RU 
105 |a a j 000zy 
200 0 |a Ч. 2 
210 |d 2014 
215 |a 209 с.  |c ил. 
330 |a Вторая часть учебного пособия охватывает период отечественной истории с 1900-х гг. до первого десятилетия XXI века. Как и первая часть, она носит многоплановый характер, включает обучение, контролирующие и справочные материалы.Первая и вторая части пособия выполнены во взаимосвязи и образуют единый учебно-методический комплекс, ориентированный как на оказание помощи в организации и проведении самостоятельной работы, так и на про­верку знаний. 
461 1 |0 (RuTPU)RU\TPU\book\328301  |t История России  |o пособие для самостоятельной работы студентов  |o учебное пособие  |o в 2 ч.  |f А. Н. Першиков, Т. А. Забирова  |g Национальный исследовательский Томский политехнический университет (ТПУ)  |v Ч. 2  |d 2013- 
606 |a Россия  |x История  |7 ca  |8 rus  |2 stltpush  |3 (RuTPU)RU\TPU\subj\64777  |9 81526 
610 1 |a 20 век 
610 1 |a Российская империя 
610 1 |a Советская Россия 
610 1 |a СССР 
610 1 |a Российская Федерация 
610 1 |a персоналии 
610 1 |a самостоятельная работа 
610 1 |a практические пособия 
610 1 |a тестовые задания 
610 1 |a учебные пособия 
610 1 |a труды учёных ТПУ 
686 |a Т3(2)я7  |v LBC/SL-A  |2 rubbk 
801 1 |a RU  |b 63413507  |c 20150819 
801 2 |a RU  |b 63413507  |c 20150902  |g RCR 
900 |a История России 
900 |a Отечественная история 
942 |c BK